Регионална библиотека "Любен Каравелов" - Русе

Микробиология (Запис номер 275)

MARC детайли
000 -Лидер
Контролно поле с фиксирана дължина 02354nam a2200445 a 4500
003 - Код на организацията, давaща контролен номер
Контролно поле BLK
005 - Дата и час на последна редакция
Контролно поле 20240130150156.0
008 - Елементи от данни с фиксирана дължина
fixed length control field 180412b bul|||||r ||||||| ||bul||
010 ## - Наследен системен номер
LC control number KNG00000432000
020 ## - Международен стандартен номер на книга ISBN
Международен стандартен номер на книга ISBN 954-420-114-9
040 ## - Източник на каталожния запис
Идентификатор на билиотеката - собственик на записа BLK
041 ## - Код за език
Код за езика на текст/звукозапис или на отделно заглавие Български
Код за езика КДБФ Български
080 ## - УДК
Текстов определител УДК Микробиология. Вж и 663
УДК код - определител по УДК 579
УДК определител (075.8)
УДК - код + определител 579(075.8)
100 1# - Редна дума - Автор
Автор Тягуненко, Юрий Венедиктович
Авторска отговорност първи автор
R(LIN) 242064
139 ## - Редно поле
Редна дума Микробиология
Авторски знак Мик - М 54
245 10 - Сведения за заглавието
Заглавие Микробиология
Подзаглавни данни Учебник за студенти по медицина
Редно поле (дума) Юрий Венедиктович Тягуненко; Стефан Георгиев Дундаров; Гарабед Капрелян; Росица Маринова; Светослав Николов Петровски; Юлияна Владимирова Дочева; Руска Ст. Аврамова; Николай Цанев; Веселина Василева.
257 ## - Страна на издаване
Страна на създаване/издаване България
260 ## - Област на издателските данни
Място на издаване, разпространение и проч. София
Име на издателя, разпространителя и проч. Медицина и физкултура
Година на издаване 1993
Печатница Перник : Полиграф
300 ## - Физическа характеристика
Страници 416 с.
Илюстрации и др. с ил.
Размери/Мащаб 24 см
380 ## - Жанр
Жанр Естествени науки. Математика
500 ## - Общи забележки
Забележка Други авт.: С. Дундаров, Г. Капрелян, Р. Маринова, С. Петровски, Ю. Дочева, Р. Аврамова, Н. Цанев, В. Василева, П. Руневска. - 3 042 тир.
650 #4 - Допълнително описание по предмет – тема
Основно описание – тема или топоним Микробиология - учебници за ВУЗ
9 (RLIN) 242072
653 ## - Ключова дума – ненормативна
Ключова дума микробиология
653 ## - Ключова дума – ненормативна
Ключова дума учебници за ВУЗ
700 1# - Други автори (авторска отговорност)
Лично име Дундаров, Стефан Георгиев
9 (RLIN) 242065
700 1# - Други автори (авторска отговорност)
Лично име Капрелян, Гарабед
Друга информация Хусебикян, Гарабед Капрелян
9 (RLIN) 76202
700 1# - Други автори (авторска отговорност)
Лично име Маринова, Росица
9 (RLIN) 242066
700 1# - Други автори (авторска отговорност)
Лично име Петровски, Светослав Николов
9 (RLIN) 242067
700 1# - Други автори (авторска отговорност)
Лично име Дочева, Юлияна Владимирова
9 (RLIN) 242068
700 1# - Други автори (авторска отговорност)
Лично име Аврамова, Руска Ст.
9 (RLIN) 242069
700 1# - Други автори (авторска отговорност)
Лично име Цанев, Николай
9 (RLIN) 242070
700 1# - Други автори (авторска отговорност)
Лично име Василева, Веселина
9 (RLIN) 242071
852 ## - Местоположение
Форматна сигнатура Цб 179902
Фондова буква Хранилище
856 4# - Електронен адрес и достъп
Електронен формат pdf - файл
Път до файла /url/
856 4# - Електронен адрес и достъп
Електронен формат pdf - файл
Път до файла /url/
942 ## - АРТИКУЛИ
Вид на библиотечния материал Книги
Скрит в OPAC Не
Koha issues (borrowed), all copies 3
944 ## - СЪЗДАВАНЕ И РЕДАКЦИЯ на ЗАПИСА
Създаване/Редакция Създаване
Дата на регистрацията/редакция 15.01.2003
Служител, извършил регистрацията/редакцията 30534
Статус, дата на статуса Радостина Карадакова
944 ## - СЪЗДАВАНЕ И РЕДАКЦИЯ на ЗАПИСА
Създаване/Редакция Редакция
Дата на регистрацията/редакция 10.11.2004
999 ## - СИСТЕМНИ КОНТРОЛНИ НОМЕРА
Koha biblionumber 275
Koha biblioitemnumber 275
999 ## - СИСТЕМНИ КОНТРОЛНИ НОМЕРА
Koha biblioitemnumber 275
Наличности
Код за отписване Код за изгубен артикул Източник на класификационната схема Код за повреда Коз за рестрикции Код за отдаване Артикулен № Име на библиотеката - собственик Име на библиотеката, в която се намира в момента Статус (Текущо местоположение) Дата на вписване в системата Местоположение - отдел Цена в лева Инвентарен номер Систематично азбучна сигнатура Баркод Номер на екземпляра Цена в евро Служебна бележка Служебен тип на артикула
  Не е изгубен Universal Decimal Classification Не е повреден без рестрикции ползва се в читалня 521 Регионална библиотека "Любен Каравелов" Русе Регионална библиотека "Любен Каравелов" Русе Хранилище 1993-01-01 Хранилище 1.80 599403 Цб 179902 120000599403 1 0.92 Дост: Dp Вид: Д N: 6 Дата: 01.01.1993 Дата инв: 20.05.2015 Бележки инв: Цб2015 Книги
Изтеглен Не е изгубен Universal Decimal Classification Не е повреден без рестрикции заемане за дома 522 Регионална библиотека "Любен Каравелов" Русе Регионална библиотека "Любен Каравелов" Русе Заемна - подръчен фонд 1993-01-01 Заемна - подръчен фонд 1.80 607620 П 579/М 54 607620 2 0.92 Дост: Pk Вид: Ф N: стар фонд Дата: 01.01.1993 Дата инв: 02.02.2018 Бележки инв: П2018 Книги
  Не е изгубен Universal Decimal Classification Не е повреден без рестрикции ползва се в читалня 523 Регионална библиотека "Любен Каравелов" Русе Регионална библиотека "Любен Каравелов" Русе Читалня 1993-01-01 Читалня 1.80 607621 Ч 579/М 54 120000607621 3 0.92 Дост: Pk Вид: Ф N: стар фонд Дата: 01.01.1993 Дата инв: 17.03.2017 Бележки инв: Ч2017 Книги
Vip Innovations Ltd, Rousse, Bulgaria 2025